000 00352nam a2200121 4500
008 b xx# fre u
040 _aLB-BrCRDP
082 1 _aT
_bSCH
100 1 _aSchehadé, Georges
245 1 2 _aL'émigré de Brisbane
_bPièce en neuf tableaux
_cGeorges Schehadé
942 _cBK
999 _c9764
_d9764